000 00411nam a2200145Ia 4500
008 230917s9999||||xx |||||||||||||| ||und||
040 _e50008
_aMAIN
041 _aEnglish
082 _a320.95 B892A
100 _aBurch, Betty B, ed
245 0 _aAsian political systems: readings on China, Japan, India, Pakistan
260 _aPrinceton
_bD Vannostrand Company
_c1968
300 _axii, 446 p.
942 _cBK
999 _c215914
_d215914